| 000 | 00554nam a2200229 a 4500 | ||
|---|---|---|---|
| 001 | nice12345678 | ||
| 003 | IN_TiNIC | ||
| 005 | 20260116011655.0 | ||
| 008 | 050524s1909 lona grp 000 0 eng | ||
| 020 |
_a _c100 |
||
| 082 | 0 | 0 |
_a239 _bCLS |
| 245 | _aQuran Examined | ||
| 260 |
_aLondon _bChristian Literature Society _c1909 |
||
| 300 | _a46p | ||
| 500 | _aincludes index and biblioraphy | ||
| 505 | 2 | _aReference Index | |
| 650 | _aApologetics | ||
| 710 | 2 | _aChristian Literature Society | |
| 902 | _bRBA | ||
| 942 | _cBK | ||
| 999 |
_c3318 _d3318 |
||